Katastrofálna povodeň v balkánskej časti povodia Dunaja v máji 2014 a varovanie EFAS

Povodeň na Balkáne v máji 2014. EFAS (Európsky povodňový varovný systém). Celkový počet vydaných výstrah a varovaní v máji 2014. Kladné hodnotenie Slovenska.

Gespeichert in:
Bibliographische Detailangaben
1. Verfasser: Bírová, Michaela
Weitere Verfasser: Wendlová, Valéria
Format: Buchkapitel
Sprache:Slowakisch
Schlagworte:
Tags: Tag hinzufügen
Keine Tags, Fügen Sie das erste Tag hinzu!

MARC

LEADER 00000naa a2200000 4500
001 0192717
005 20231208124348.3
041 0 |a slo 
044 |a SK 
245 1 0 |a Katastrofálna povodeň v balkánskej časti povodia Dunaja v máji 2014 a varovanie EFAS  |c Michaela Bírová, Valéria Wendlová 
520 |a Povodeň na Balkáne v máji 2014. EFAS (Európsky povodňový varovný systém). Celkový počet vydaných výstrah a varovaní v máji 2014. Kladné hodnotenie Slovenska. 
610 2 0 |a povodne 
610 2 0 |a Balkán 
610 2 0 |a 2014 
100 1 |a Bírová, Michaela 
700 1 |a Wendlová, Valéria